000 00367nam a22001577a 4500
003 SGT
020 _a9789385915642
082 _a617.6
_bC16S
100 _aSikri, Vimal K.
245 _aComprehensive Applied Basic Sciences CABS
250 _a1st Ed.
260 _bCBS Publisher Pvt. Ltd.
_c2016
300 _a324
653 _aMDS Examination
942 _2ddc
_cBK
999 _c32242
_d32242